Economie et statistique revue mensuelle

Saved in:
Bibliographic Details
Format: Serial
Language:French
Published: Paris Institut national de la statistique et des études économiques 1985
Tags: Add Tag
No Tags, Be the first to tag this record!

MARC

LEADER 00000nas2a2200000 4500
001 s105469
005 20250730114156.9
041 0 |a fre 
044 |a FR 
245 1 0 |a Economie et statistique  |b revue mensuelle 
264 1 |a Paris  |b Institut national de la statistique et des études économiques  |c 1985 
300 |a 2 zv. 
773 0 |w eu_un_cat*s120656